Statistics for 10 Longest Rivers in Asia

Click here to take the quiz!

General Stats

  • This quiz has been taken 52 times
  • The average score is 5 of 10

Answer Stats

HintAnswer% Correct
5,464km/3,395miYellow
100%
6,300km/3,915miYangtze
94%
4,909km/3,050miMekong
83%
2,824km/1,755miAmur
67%
3,610km/2,243miIndus
64%
3,848km/2,391miBrahmaputra
36%
4,248km/2,640miIrtysh
22%
3,487km/2,167miYenisey
22%
2,800km/1,740miSalween
14%
2,840km/1,765miYarlung Tsangpo
0%

Score Distribution

Percentile by Number Answered

Percent of People with Each Score

Your Score History

You have not taken this quiz